=LDR 00000nam 2200000 4500 =001 INLIS000000000038079 =005 20130612143754 =008 ***********************************Ind** =035 ##$$0010-061300000038079 =041 ##$$a Ind =082 ##$$a 641.5.Dha.S3 =100 ##$$a Dharmaputra T.S. Ny =245 ##$$a 101 Masakan Lezat Untuk Pemula =260 ##$$a Kriya Pustaka $b Jakarta =300 ##$$a 74hlm, , Ilus, , 25cm =850 ##$$a NBPNMAT